Вольтамперометрическое определение галонала, галодифа и мельдония на модифицированных углеродсодержащих электродах: автореферат диссертации на соискание ученой степени кандидата химических наук; спец. 02.00.02

Dettagli Bibliografici
Autore principale: Мезенцева О. Л. Ольга Леонидовна
Ente Autore: Национальный исследовательский Томский политехнический университет
Altri autori: Слепченко Г. Б. Галина Борисовна (научный руководитель)
Riassunto:Защита сост. 24.12.2019 г.
Lingua:russo
Pubblicazione: Томск, [Б. и.], 2019
Soggetti:
Natura: Libro
KOHA link:https://koha.lib.tpu.ru/cgi-bin/koha/opac-detail.pl?biblionumber=344112

MARC

LEADER 00000nam0a2200000 4500
001 344112
005 20240213151928.0
035 |a (RuTPU)RU\TPU\book\375262 
090 |a 344112 
100 |a 20191223d2009 k y0rusy50 ca 
101 0 |a rus 
102 |a RU 
105 |a a dm 001zy 
200 1 |a Вольтамперометрическое определение галонала, галодифа и мельдония на модифицированных углеродсодержащих электродах  |e автореферат диссертации на соискание ученой степени кандидата химических наук  |e спец. 02.00.02  |f О. Л. Мезенцева  |g Национальный исследовательский Томский политехнический университет ; науч. рук. Г. Б. Слепченко 
210 |a Томск  |c [Б. и.]  |d 2019 
215 |a 25 с.  |c ил. 
300 |a Защита сост. 24.12.2019 г. 
320 |a Библиогр.: с. 22-25 (20 назв.) 
606 1 |a Вольтамперометрия  |2 stltpush  |3 (RuTPU)RU\TPU\subj\3652  |9 32036 
606 1 |a Лекарственные препараты  |2 stltpush  |3 (RuTPU)RU\TPU\subj\78941  |9 87886 
610 1 |a аналитическая химия 
610 1 |a фармацевтика 
610 1 |a органические вещества 
610 1 |a галонал 
610 1 |a галодиф 
610 1 |a мельдоний 
610 1 |a физико-химические методы 
610 1 |a авторефераты диссертаций 
675 |a 543.552(04)  |v 4 
675 |a 615(04)  |v 4 
686 |a 02.00.02  |2 oksvnk 
700 1 |a Мезенцева  |b О. Л.  |g Ольга Леонидовна 
702 1 |a Слепченко  |b Г. Б.  |c химик  |c профессор Томского политехнического университета, доктор химических наук  |f 1956-  |g Галина Борисовна  |3 (RuTPU)RU\TPU\pers\25643  |4 727  |9 11554 
712 0 2 |a Национальный исследовательский Томский политехнический университет  |c (2009- )  |3 (RuTPU)RU\TPU\col\15902  |9 26305 
801 1 |a RU  |b 63413507  |c 20191223 
801 2 |a RU  |b 63413507  |c 20200124  |g RCR 
942 |c BK